Gender in focus identities, codes, stereotypes and politics

Podrobná bibliografia
Ďalší autori: Zamfira, Andreea (Editor), Montlibert, Christian de, 1937- (Editor), Radu, Daniela (Editor)
Médium: Kniha
Jazyk:angličtina
Fyzický popis:370 strán grafy, tabuľky 22 cm
Vydavateľské údaje: Opladen Berlin Toronto Barbara Budrich Publishers 2018
ISBN:9783847421832
9783847412113
Predmet:

MARC

LEADER 00000cam a2200000 4500
001 vtls012055956
003 SK-MaSNL
005 20260302020327.0
008 210527s2018 gw d frn 001 0 eng
015 |a SNBZSA2022/02 
020 |a 9783847421832  |q (viazané) 
020 |a 9783847412113  |q (eISBN) 
040 |a SNK  |b slo  |c SNK  |e rda 
041 0 |a eng 
044 |a gw  |c DE  |a xxc  |c CA 
072 7 |a 342  |x Ústavné právo. Správne právo  |2 konspekt 
080 |a 316.647.82  |2 2011 
080 |a 342.722  |2 2011 
080 |a (048.8)  |2 2011 
080 |a 323.1:572.9  |2 2001 
245 0 0 |a Gender in focus  |b identities, codes, stereotypes and politics  |c Andreea Zamfira, Christian de Montlibert, Daniela Radu (eds.) 
264 1 |a Opladen  |a Berlin  |a Toronto  |b Barbara Budrich Publishers  |c 2018 
300 |a 370 strán  |b grafy, tabuľky  |c 22 cm 
336 |a text  |b txt  |2 rdacontent 
337 |a bez média  |b n  |2 rdamedia 
338 |a zväzok  |b nc  |2 rdacarrier 
500 |a Obsahuje poznámky pod čiarou 
504 |a Obsahuje bibliografiu a register 
650 0 7 |a rodová identita  |2 SNKPH  |9 91061 
650 0 7 |a diskriminácia  |2 SNKPH  |9 4923 
650 0 7 |a rodová rovnosť  |2 SNKPH  |9 83324 
650 0 7 |a Discrimination  |2 SNKPHeng  |9 265691 
650 0 7 |a Gender equality  |2 SNKPHeng  |9 275649 
650 0 7 |a rasové vzťahy  |2 SNKPH  |9 4724 
650 0 7 |a Race relations  |2 SNKPHeng  |9 549708 
655 7 |a štúdie  |2 SNKPH  |9 57033 
655 7 |a Studies  |2 SNKPHeng  |9 265573 
700 1 |a Zamfira, Andreea  |4 edt  |9 208208 
700 1 |a Montlibert, Christian de,  |d 1937-  |4 edt  |9 216757 
700 1 |a Radu, Daniela  |4 edt  |9 208209 
919 |a 978-3-8474-2183-2 
919 |a 978-3-8474-1211-3 
958 |a ZS 
958 |a NB 
999 |c 1024693  |d 1026623 
952 |a SNK  |b SNK  |y PREZ  |7 0  |p 17A1455403  |o snkSC 193329  |i snk2021/8201  |8 4  |g 53.83  |0 0  |1 0  |4 0  |d 2021-05-27  |f 1  |l 0  |r 2025-10-10 00:00:00  |w 2026-02-24